000
00331 a2200157 4500
001
195488
020
_a
85-250-4027-4
040
_c
Magnum
100
_a
Gianella junior, Fulvio
240
1
0
_a
Mitologia
_l
por
245
1
0
_a
Mitologia
362
0
_a
2005
440
1
_a
Globo
697
_a
LITERATURA INFANTO-JUVENIL
942
_c
BK
999
_c
195488
_d
195488